书目信息 |
| 题名: |
论经济不平等
|
|
| 作者: | 森 , 福斯特 著 ;王利文 , 于占杰 译 | |
| 分册: | ||
| 出版信息: | 北京 中国人民大学出版社 2015 |
|
| 页数: | 239页 | |
| 开本: | 24cm | |
| 丛书名: | ||
| 单 册: | ||
| 中图分类: | F036 | |
| 科图分类: | ||
| 主题词: | 平等(经济学)--ping deng (jing ji xue )--研究 | |
| 电子资源: | ||
| ISBN: | 978-7-300-21658-4 | |
| 000 | 01122nam0 22002891 450 | |
| 001 | 0102093607 | |
| 005 | 20170405083542.91 | |
| 010 | @a978-7-300-21658-4@b精装@dCNY48.00 | |
| 100 | @a20151207d2015 em y0chiy50 ea | |
| 101 | 1 | @achi@cinc |
| 102 | @aCN@b110000 | |
| 105 | @ay z 001yy | |
| 106 | @ar | |
| 200 | 1 | @a论经济不平等@Alun jing ji bu ping deng@dOn economic inequality@f(印)阿马蒂亚·森(Amartya Sen),(美)詹姆斯·福斯特(James Foster)著@g王利文,于占杰译@zeng |
| 205 | @a增订版 | |
| 210 | @a北京@c中国人民大学出版社@d2015 | |
| 215 | @a239页@d24cm | |
| 330 | @a本书分论经济不平等和25年后再论经济不平等两部分,内容包括:福利经济学、功利主义与平等;不平等的测度;作为拟序的不平等;工作、需求和不平等。 | |
| 510 | 1 | @aOn economic inequality@zeng |
| 606 | 0 | @a平等(经济学)@Aping deng (jing ji xue )@x研究 |
| 690 | @aF036@v5 | |
| 701 | 0 | @c(印)@a森@Asen@c(Sen, Amartya@f1933~)@4著 |
| 701 | 0 | @c(美)@a福斯特@Afu si te@c(Foster, James)@4著 |
| 702 | 0 | @a王利文@Awang li wen@c(管理)@4译 |
| 702 | 0 | @a于占杰@Ayu zhan jie@4译 |
| 801 | 0 | @aCN@bTANGWEI@c20170308 |
| 905 | @b0964002-5@dF036@e60=2@f4 | |
| 论经济不平等=On economic inequality/(印)阿马蒂亚·森(Amartya Sen),(美)詹姆斯·福斯特(James Foster)著/王利文,于占杰译.-增订版.-北京:中国人民大学出版社,2015 |
| 239页;24cm |
| ISBN 978-7-300-21658-4(精装):CNY48.00 |
| 本书分论经济不平等和25年后再论经济不平等两部分,内容包括:福利经济学、功利主义与平等;不平等的测度;作为拟序的不平等;工作、需求和不平等。 |
| ● |
| 相关链接 |
|
|
|
|
正题名:论经济不平等
索取号:F036/60=2
 
预约/预借
| 序号 | 登录号 | 条形码 | 馆藏地/架位号 | 状态 | 备注 |
| 1 | 0964002 | 209640021 | 第一样本阅览室/ [索取号:F036/60=2] | 在馆 | |
| 2 | 0964003 | 209640030 | 第一借阅区/ [索取号:F036/60=2] | 在馆 | |
| 3 | 0964004 | 209640049 | 密集书库-海洋学院/ [索取号:F036/60=2] | 在馆 | |
| 4 | 0964005 | 209640058 | 第一借阅区/ [索取号:F036/60=2] | 在馆 |